| 000 | 00343 a2200145 4500 | ||
|---|---|---|---|
| 005 | 20251227143405.0 | ||
| 020 | _a978-8126519453 | ||
| 040 | _bEng | ||
| 082 | _a621.314 UMA | ||
| 100 |
_aUmanand L _93908 |
||
| 245 | _aPower Electronics: Essentials & Applications | ||
| 260 |
_aNew Delhi: _bWiley, _c2009. |
||
| 300 | _axxii, 922p; | ||
| 942 | _cBK | ||
| 999 |
_c5553 _d5548 |
||